00738nam a2200253 i 4500001000700000003000900007005001700016007000300033008004100036080001900077080001900096080002200115100003100137245009200168250001200260260003000272300002200302610005200324650002400376852002100400852002100421852002100442852002100463117882ES-MaACL20250826082718.0t|070214s1959 mx r ||||1| spa d a331.88(460)CNT a330.862:331.88 a929 Peiró, Juan1 aPeiró, Joan, d1887-194210aPensamiento de Juan Peiró : btrayectoria de la Confederación Nacional del Trabajo. a2ª ed. aMéxico : bCNT, c1959. a198 p. ; c19 cm.24aConfederación Nacional del Trabajo (España) 4aAnarcosindicalismo.4 aES-MaACLjE-89504 aES-MaACLjE-92904 aES-MaACLjE-92914 aES-MaACLjE-9292